[Event "Marianske Lazne IM-B2 22nd"]
[Site "Marianske Lazne"]
[Date "2024.01.17"]
[Round "6"]
[White "Kejna, Piotr"]
[Black "Luberanski, Jakub"]
[Result "1/2-1/2"]
[WhiteElo "2269"]
[BlackElo "2278"]
[PlyCount "24"]
[EventDate "2024.01.13"]
[EventType "tourn"]
[EventRounds "9"]
[EventCountry "CZE"]
[EventCategory "1"]
[SourceTitle "CB04_2024"]
[SourceDate "2023.10.16"]
[SourceVersion "1"]
[SourceVersionDate "2023.10.16"]
[SourceQuality "1"]

1. d4 Nf6 2. c4 e6 3. Nc3 Bb4 4. Qc2 d5 5. a3 Bxc3+ 6. Qxc3 0-0 7. Bg5 c5 8. cxd5 cxd4 9. Qxd4 Nc6 10. Qh4 Qxd5 11. Bxf6 gxf6 12. Nf3 e5 1/2-1/2

[Event "Marianske Lazne IM-B2 22nd"]
[Site "Marianske Lazne"]
[Date "2024.01.16"]
[Round "4"]
[White "Kejna, Piotr"]
[Black "Lim, Zhuo Ren"]
[Result "1-0"]
[WhiteElo "2269"]
[BlackElo "2218"]
[PlyCount "65"]
[EventDate "2024.01.13"]
[EventType "tourn"]
[EventRounds "9"]
[EventCountry "CZE"]
[EventCategory "1"]
[SourceTitle "CB04_2024"]
[SourceDate "2023.10.16"]
[SourceVersion "1"]
[SourceVersionDate "2023.10.16"]
[SourceQuality "1"]

1. e4 c5 2. Nf3 d6 3. d4 cxd4 4. Nxd4 Nf6 5. Nc3 a6 6. Be3 e5 7. Nb3 Be6 8. Be2 Be7 9. 0-0 0-0 10. a4 Nc6 11. Qd2 h6 12. Rad1 Re8 13. Kh1 Rc8 14. f4 Na5 15. Nxa5 Qxa5 16. f5 Bc4 17. Bxc4 Rxc4 18. Bxh6 Rxc3 19. Qg5 Bf8 20. bxc3 Nxe4 21. Qh4 d5 22. c4 gxh6 23. Rxd5 Nc5 24. f6 b6 25. Qg4+ Kh8 26. Qh5 Kg8 27. Qg6+ Kh8 28. Qxf7 Qxa4 29. Rxe5 Rd8 30. Rg5 hxg5 31. Qh5+ Kg8 32. Qg6+ Kh8 33. f7 1-0

[Event "Marianske Lazne IM-B2 22nd"]
[Site "Marianske Lazne"]
[Date "2024.01.15"]
[Round "3"]
[White "Kejna, Piotr"]
[Black "Wang, Yukun"]
[Result "0-1"]
[WhiteElo "2269"]
[BlackElo "2117"]
[PlyCount "142"]
[EventDate "2024.01.13"]
[EventType "tourn"]
[EventRounds "9"]
[EventCountry "CZE"]
[EventCategory "1"]
[SourceTitle "CB04_2024"]
[SourceDate "2023.10.16"]
[SourceVersion "1"]
[SourceVersionDate "2023.10.16"]
[SourceQuality "1"]

1. e4 c5 2. Nf3 d6 3. d4 cxd4 4. Nxd4 Nf6 5. Nc3 a6 6. Be3 e6 7. g4 e5 8. Nf5 g6 9. g5 gxf5 10. exf5 d5 11. Qf3 Ne4 12. Nxe4 dxe4 13. Qxe4 Nc6 14. Bc4 Qd7 15. Bd5 Bd6 16. 0-0-0 Qc7 17. Bxc6+ bxc6 18. Bb6 Qxb6 19. Rxd6 0-0 20. g6 fxg6 21. fxg6 Qc5 22. Rxc6 Qd4 23. gxh7+ Kh8 24. Qxd4 exd4 25. Rg1 Bf5 26. Rg8+ Kxh7 27. Rxf8 Rxf8 28. Rc4 d3 29. cxd3 Bxd3 30. Rd4 Bg6 31. f4 Rc8+ 32. Kd1 Bb1 33. Rd7+ Kg6 34. Rd6+ Kf5 35. Rxa6 Kxf4 36. Ra3 Ke4 37. Rc3 Rh8 38. Kc1 Bd3 39. Rc7 Rxh2 40. Re7+ Kd4 41. Rc7 Ke3 42. b3 Rxa2 43. Rc8 Kd4 44. Rc7 Be4 45. Rc4+ Kd3 46. Rc7 Bd5 47. Rd7 Kc3 48. Kb1 Ra5 49. Re7 Bxb3 50. Re3+ Kb4 51. Rg3 Re5 52. Kc1 Re2 53. Rg7 Rf2 54. Rg4+ Bc4 55. Rg3 Kc5 56. Rg4 Kd5 57. Rh4 Bd3 58. Rb4 Bc4 59. Rb2 Rf1+ 60. Kc2 Kd4 61. Kd2 Rf3 62. Ke1 Rh3 63. Rg2 Bd3 64. Rf2 Rh1+ 65. Kd2 Ra1 66. Rf4+ Be4 67. Rf8 Ra2+ 68. Kc1 Rc2+ 69. Kd1 Ke3 70. Rb8 Rh2 71. Rb4 Rh1# 0-1

[Event "POL-ch Rapid U18"]
[Site "Bydgoszcz"]
[Date "2023.08.30"]
[Round "11"]
[White "Fiszer, Bartosz"]
[Black "Kejna, Piotr"]
[Result "1/2-1/2"]
[WhiteElo "2077"]
[BlackElo "2037"]
[PlyCount "32"]
[EventDate "2023.08.28"]
[EventType "swiss"]
[EventRounds "11"]
[EventCountry "POL"]
[SourceTitle "EXT 2024"]
[Source "ChessBase"]
[SourceDate "2023.10.10"]
[SourceVersion "1"]
[SourceVersionDate "2023.10.10"]
[SourceQuality "1"]

1. Nf3 Nf6 2. g3 g6 3. b3 Bg7 4. Bb2 0-0 5. Bg2 d6 6. d4 c5 7. dxc5 Qa5+ 8. Nbd2 Qxc5 9. 0-0 Qh5 10. c4 Nc6 11. Re1 Bh3 12. Rb1 Rad8 13. Bxh3 Qxh3 14. e4 Ne5 15. Nf1 Nfg4 16. Nxe5 Bxe5 1/2-1/2

[Event "POL-ch Rapid U18"]
[Site "Bydgoszcz"]
[Date "2023.08.30"]
[Round "7"]
[White "Kejna, Piotr"]
[Black "Krasniewski, Maciej"]
[Result "1-0"]
[WhiteElo "2037"]
[BlackElo "1763"]
[PlyCount "47"]
[EventDate "2023.08.28"]
[EventType "swiss"]
[EventRounds "11"]
[EventCountry "POL"]
[SourceTitle "EXT 2024"]
[Source "ChessBase"]
[SourceDate "2023.10.10"]
[SourceVersion "1"]
[SourceVersionDate "2023.10.10"]
[SourceQuality "1"]

1. e4 g6 2. d4 Bg7 3. Nc3 d6 4. Bg5 a6 5. f4 c5 6. dxc5 Qa5 7. Qd2 Bxc3 8. bxc3 Qxc5 9. Bh4 Nd7 10. Nf3 Ngf6 11. Bd3 b6 12. Bf2 Qc7 13. 0-0 Bb7 14. Rfe1 Nc5 15. Bd4 0-0 16. e5 Nfe4 17. Bxe4 Nxe4 18. Qe3 dxe5 19. fxe5 Rac8 20. Qh6 Qc6 21. e6 Nf6 22. Re2 Rcd8 23. Bxf6 exf6 24. e7 1-0

[Event "Ustron op-A"]
[Site "Ustron"]
[Date "2023.08.18"]
[Round "8"]
[White "Luczak, Filip"]
[Black "Kejna, Piotr"]
[Result "1-0"]
[WhiteElo "2317"]
[BlackElo "2235"]
[PlyCount "105"]
[EventDate "2023.08.11"]
[EventType "swiss"]
[EventRounds "9"]
[EventCountry "POL"]
[SourceTitle "CBM 215 Extra"]
[Source "ChessBase"]
[SourceDate "2023.09.30"]
[SourceVersion "1"]
[SourceVersionDate "2023.09.30"]
[SourceQuality "1"]

1. d4 e6 2. Nf3 Nf6 3. g3 c5 4. Bg2 Nc6 5. 0-0 d5 6. c4 dxc4 7. Ne5 Nxe5 8. dxe5 Qxd1 9. Rxd1 Nd7 10. Na3 Nxe5 11. Nb5 Rb8 12. Be3 f6 13. Nxa7 Bd7 14. a4 b6 15. Bf4 Be7 16. Bxe5 fxe5 17. Bc6 Bxc6 18. Nxc6 Rb7 19. Nxe5 0-0 20. Nxc4 Ra8 21. Ra3 Ra6 22. e3 Rba7 23. Rda1 Kf8 24. Kf1 Bf6 25. Ke2 Ke7 26. Kd3 Kd8 27. Kc2 Kc7 28. Kb3 Rb7 29. h4 Ra8 30. Kc2 Rba7 31. h5 Ra6 32. f4 Kc6 33. g4 h6 34. Kd3 Kc7 35. Ke4 R6a7 36. Kf3 Ra6 37. e4 Bd4 38. e5 Kc6 39. Ke4 R6a7 40. f5 Re8 41. fxe6 Rxe6 42. Rb3 Rb7 43. Rf1 Ree7 44. Rf5 Rb8 45. Rb5 Ra7 46. b3 Bc3 47. g5 hxg5 48. Rxg5 Re7 49. Nxb6 Re6 50. Nc4 Rxb5 51. axb5+ Kxb5 52. Rxg7 Rh6 53. Rg6 1-0

[Event "Ustron op-A"]
[Site "Ustron"]
[Date "2023.08.13"]
[Round "3"]
[White "Petursson, Margeir"]
[Black "Kejna, Piotr"]
[Result "0-1"]
[WhiteElo "2423"]
[BlackElo "2235"]
[PlyCount "71"]
[EventDate "2023.08.11"]
[EventType "swiss"]
[EventRounds "9"]
[EventCountry "POL"]
[SourceTitle "CBM 215 Extra"]
[Source "ChessBase"]
[SourceDate "2023.09.30"]
[SourceVersion "1"]
[SourceVersionDate "2023.09.30"]
[SourceQuality "1"]

1. c4 e6 2. g3 Nf6 3. Bg2 d5 4. cxd5 Nxd5 5. Nc3 Nb6 6. Nf3 Nc6 7. Rb1 Be7 8. b4 a6 9. 0-0 g5 10. d3 g4 11. Nd2 e5 12. a4 h5 13. b5 axb5 14. axb5 Na5 15. Qc2 f5 16. Nc4 Bf6 17. Nxa5 Rxa5 18. e4 h4 19. exf5 Bxf5 20. Ne4 0-0 21. Be3 Nd5 22. Nxf6+ Nxf6 23. Qc3 b6 24. Qxe5 Bg6 25. gxh4 Qxd3 26. Rb4 c5 27. Rf4 Qd8 28. Bc6 Ra7 29. Bc1 Raf7 30. Bb2 Kh7 31. Qg5 Qd6 32. Be5 Qe6 33. Rd1 Nh5 34. Rxf7+ Rxf7 35. Rd8 Ng7 36. Rd6 0-1

[Event "Bydgoszcz op-A"]
[Site "Bydgoszcz"]
[Date "2023.06.28"]
[Round "5"]
[White "Kejna, Piotr"]
[Black "Sowinski, Pawel"]
[Result "0-1"]
[WhiteElo "1991"]
[BlackElo "2291"]
[PlyCount "118"]
[EventDate "2023.06.24"]
[EventType "swiss"]
[EventRounds "9"]
[EventCountry "POL"]
[SourceTitle "CBM 215 Extra"]
[Source "ChessBase"]
[SourceDate "2023.09.30"]
[SourceVersion "1"]
[SourceVersionDate "2023.09.30"]
[SourceQuality "1"]

1. e4 c5 2. Nf3 e6 3. b3 a6 4. Bb2 Nc6 5. e5 d5 6. exd6 Nf6 7. Nc3 Bxd6 8. Bd3 b6 9. Ne4 Be7 10. 0-0 Bb7 11. Nxf6+ gxf6 12. Be4 Qc7 13. Qe2 0-0-0 14. Rfd1 Rhg8 15. Bxh7 Rg4 16. g3 Rh8 17. Ne1 Rg5 18. Be4 Rhg8 19. Bg2 Rg4 20. Nf3 Nb4 21. c4 f5 22. Ne5 Bxg2 23. Nxg4 Bb7 24. Ne3 Qc6 25. f3 f4 26. Nf1 Qxf3 27. Qxf3 Bxf3 28. Rdc1 Nd3 29. Rc3 Be2 30. Rxd3 Bxd3 31. Be5 fxg3 32. Nxg3 f6 33. Bc3 f5 34. Be5 Bg5 35. Kf2 Rd8 36. Bc3 f4 37. Nh5 Be4 38. b4 cxb4 39. Bxb4 Rh8 40. Re1 Bh4+ 41. Ng3 Bf5 42. Kf3 fxg3 43. hxg3 Bd8 44. c5 b5 45. Bc3 Rg8 46. Be5 Kd7 47. d4 Kc6 48. Ra1 a5 49. a3 Bc7 50. Re1 Bd8 51. Bd6 Bf6 52. Be5 Be7 53. Ke2 Kd5 54. Kd2 b4 55. axb4 axb4 56. Kc1 Bg5+ 57. Kb2 Bd2 58. Rd1 Bc3+ 59. Kb3 Ra8 0-1

[Event "Bydgoszcz op-A"]
[Site "Bydgoszcz"]
[Date "2023.06.24"]
[Round "1"]
[White "Dubnevych, Maksym"]
[Black "Kejna, Piotr"]
[Result "1-0"]
[WhiteElo "2251"]
[BlackElo "1991"]
[PlyCount "59"]
[EventDate "2023.06.24"]
[EventType "swiss"]
[EventRounds "9"]
[EventCountry "POL"]
[SourceTitle "CBM 215 Extra"]
[Source "ChessBase"]
[SourceDate "2023.09.30"]
[SourceVersion "1"]
[SourceVersionDate "2023.09.30"]
[SourceQuality "1"]

1. d4 Nf6 2. c4 e5 3. dxe5 Ng4 4. e4 Nxe5 5. f4 Nec6 6. Be3 Bb4+ 7. Nd2 0-0 8. a3 Bxd2+ 9. Qxd2 d6 10. Bd3 f5 11. Ne2 Qe7 12. Nc3 Be6 13. 0-0 Na5 14. exf5 Bxc4 15. b4 Bxd3 16. Qxd3 Nac6 17. Nd5 Qf7 18. Rae1 Nd8 19. Bd2 c6 20. Ne7+ Kh8 21. Qxd6 a5 22. Bc3 axb4 23. Bxb4 Qf6 24. Ng6+ hxg6 25. Qxf8+ Qxf8 26. Bxf8 Nd7 27. Re8 Nf6 28. Rfe1 gxf5 29. Bd6+ Kh7 30. Rf8 1-0

[Event "Titled Tuesday intern op 21st Feb Early"]
[Site "Chess.com INT"]
[Date "2023.02.21"]
[Round "5"]
[White "Kejna, Piotr"]
[Black "Florescu, Codrut Constantin"]
[Result "1-0"]
[WhiteElo "2027"]
[BlackElo "2245"]
[PlyCount "191"]
[EventDate "2023.02.21"]
[EventType "swiss (blitz)"]
[EventRounds "11"]
[EventCountry "USA"]
[SourceTitle "CBM 212 Extra"]
[Source "ChessBase"]
[SourceDate "2023.03.31"]
[SourceVersion "1"]
[SourceVersionDate "2023.03.31"]
[SourceQuality "1"]

1. e4 c5 2. b3 a6 3. Bb2 Nc6 4. f4 e6 5. Nf3 d5 6. exd5 exd5 7. Be2 Nf6 8. 0-0 Be7 9. Ne5 0-0 10. Bf3 Nd4 11. Nc3 Nxf3+ 12. Qxf3 Qd6 13. Rae1 b5 14. g4 Bb7 15. d4 Rab8 16. g5 Ne4 17. Nxe4 dxe4 18. Qe3 Rbd8 19. c3 cxd4 20. cxd4 Rc8 21. Re2 Bd5 22. Ng4 f6 23. h4 Qd7 24. Rg2 Kh8 25. h5 fxg5 26. fxg5 Rxf1+ 27. Kxf1 Qf5+ 28. Nf2 Rc2 29. Bc1 Qf3 30. Rg3 Qxe3 31. Bxe3 Rxa2 32. Rg4 Bd6 33. Nxe4 Ra1+ 34. Ke2 Be7 35. Nc5 a5 36. Rf4 Kg8 37. Rf5 Be6 38. Re5 Bg4+ 39. Kd3 Bxc5 40. dxc5 Bxh5 41. c6 Bg4 42. c7 a4 43. Re8+ Kf7 44. c8Q Bxc8 45. Rxc8 axb3 46. Kc3 b2 47. Kxb2 Re1 48. Bd2 Re2 49. Kc1 Kg6 50. Rc6+ Kf5 51. Rb6 Re5 52. Rb7 Kg6 53. Rb6+ Kh5 54. Rb7 Kg6 55. Kc2 Rf5 56. Kc1 h5 57. gxh6 gxh6 58. Rb6+ Rf6 59. Rxb5 h5 60. Rg5+ Kf7 61. Rxh5 Rd6 62. Kd1 Ke6 63. Ke2 Rd5 64. Rh6+ Ke5 65. Rg6 Kf5 66. Rg5+ Ke4 67. Rg8 Re5 68. Be3 Kd5 69. Kd3 Ke6 70. Ra8 Rd5+ 71. Bd4 Rd7 72. Ke4 Kd6 73. Ra6+ Kc7 74. Be5+ Kb7 75. Rg6 Rd1 76. Bd4 Kc7 77. Kd5 Kb7 78. Rg7+ Ka6 79. Kc5 Rc1+ 80. Kd6 Kb5 81. Rb7+ Ka6 82. Ra7+ Kb5 83. Rb7+ Ka6 84. Rb6+ Ka5 85. Rb8 Ka6 86. Bc5 Ka5 87. Kc6 Ka4 88. Rb4+ Ka5 89. Rb3 Ra1 90. Rb8 Ka4 91. Ra8+ Kb3 92. Rxa1 Kb2 93. Ra5 Kb3 94. Rb5+ Kc4 95. Rb4+ Kc3 96. Rd4 1-0

[Event "Titled Tuesday intern op 21st Feb Early"]
[Site "Chess.com INT"]
[Date "2023.02.21"]
[Round "6"]
[White "Souleidis, Georgios"]
[Black "Kejna, Piotr"]
[Result "1-0"]
[WhiteElo "2421"]
[BlackElo "2027"]
[PlyCount "135"]
[EventDate "2023.02.21"]
[EventType "swiss (blitz)"]
[EventRounds "11"]
[EventCountry "USA"]
[SourceTitle "CBM 212 Extra"]
[Source "ChessBase"]
[SourceDate "2023.03.31"]
[SourceVersion "1"]
[SourceVersionDate "2023.03.31"]
[SourceQuality "1"]

1. e4 c5 2. Be2 Nc6 3. d3 g6 4. f4 Bg7 5. Nf3 Nf6 6. 0-0 0-0 7. c3 d6 8. Kh1 Rb8 9. Be3 b5 10. a3 a5 11. Nbd2 Bb7 12. d4 cxd4 13. cxd4 b4 14. d5 bxa3 15. bxa3 Ng4 16. Bg1 Bxa1 17. Qxa1 Nf6 18. Rc1 Rc8 19. dxc6 Bxc6 20. Bd3 Qd7 21. Bd4 Nh5 22. Be3 Qg4 23. h3 Qd7 24. Kh2 Qb7 25. Rb1 Qa8 26. f5 Rfd8 27. Bg5 Rd7 28. fxg6 hxg6 29. Rf1 Rb7 30. Bh4 f6 31. Qa2+ Kg7 32. Ng5 d5 33. Ne6+ Kh8 34. Nd4 Qb8+ 35. Kh1 dxe4 36. Nxc6 Rxc6 37. Bxe4 Rb2 38. Qf7 Rxd2 39. Qxg6 f5 40. Qxh5+ Kg7 41. Bxc6 Qd6 42. Qg5+ Kf8 43. Bf3 Qf6 44. Qxf6+ exf6 45. Bxf6 Kf7 46. Be5 Ra2 47. Bd6 Ke6 48. Bc5 Kd7 49. Rd1+ Kc7 50. Rc1 Kd8 51. h4 Ke8 52. h5 a4 53. Bb4 Kf7 54. Kh2 Kg7 55. Kg3 f4+ 56. Kxf4 Kh7 57. Kg3 Kh6 58. Rc6+ Kg5 59. Be7+ Kf5 60. Bb4 Kg5 61. Rc5+ Kh6 62. Kg4 Kh7 63. Rc6 Kh8 64. Kg5 Kh7 65. Rc7+ Kh8 66. Kg6 Rc2 67. Rxc2 Kg8 68. Rc8# 1-0

[Event "Titled Tuesday intern op 14th Feb Early"]
[Site "Chess.com INT"]
[Date "2023.02.14"]
[Round "2"]
[White "Kejna, Piotr"]
[Black "Necula, Iulian"]
[Result "1-0"]
[WhiteElo "2027"]
[BlackElo "1882"]
[PlyCount "81"]
[EventDate "2023.02.14"]
[EventType "swiss (blitz)"]
[EventRounds "11"]
[EventCountry "USA"]
[SourceTitle "CBM 212 Extra"]
[Source "ChessBase"]
[SourceDate "2023.03.31"]
[SourceVersion "1"]
[SourceVersionDate "2023.03.31"]
[SourceQuality "1"]

1. e4 c5 2. Nf3 d6 3. d4 cxd4 4. Nxd4 Nf6 5. Nc3 g6 6. Be3 Nc6 7. f3 h5 8. Be2 Nxd4 9. Bxd4 Bh6 10. Bxf6 exf6 11. Qd4 0-0 12. Rd1 Bf4 13. Nd5 Be5 14. Qb4 a5 15. Qa3 Be6 16. 0-0 Bxd5 17. Rxd5 Qb6+ 18. Kh1 Qxb2 19. Qxb2 Bxb2 20. Rb1 Ba3 21. Rxb7 Rfb8 22. Rxa5 Rxb7 23. Rxa8+ Kg7 24. g3 Bc5 25. Kg2 Rb2 26. Bd3 g5 27. h3 Rb1 28. f4 g4 29. hxg4 hxg4 30. Be2 Rg1+ 31. Kh2 Rc1 32. Bxg4 Rxc2+ 33. Kh3 Rc3 34. Rc8 Ra3 35. Rc7 Rxa2 36. Be6 Ra1 37. Rxf7+ Kh6 38. Kg4 Kg6 39. Rd7 Ra8 40. Bf5+ Kh6 41. Rh7# 1-0

[Event "Titled Tuesday intern op 14th Feb Early"]
[Site "Chess.com INT"]
[Date "2023.02.14"]
[Round "10"]
[White "Kejna, Piotr"]
[Black "Tan, Jun Ying"]
[Result "1-0"]
[WhiteElo "2027"]
[BlackElo "2307"]
[PlyCount "135"]
[EventDate "2023.02.14"]
[EventType "swiss (blitz)"]
[EventRounds "11"]
[EventCountry "USA"]
[SourceTitle "CBM 212 Extra"]
[Source "ChessBase"]
[SourceDate "2023.03.31"]
[SourceVersion "1"]
[SourceVersionDate "2023.03.31"]
[SourceQuality "1"]

1. e4 c5 2. b3 g6 3. Bb2 Nf6 4. Nc3 d6 5. Nd5 Nbd7 6. Bb5 Bg7 7. Nxf6+ exf6 8. Ne2 0-0 9. Bxd7 Bxd7 10. 0-0 f5 11. Bxg7 Kxg7 12. d3 Qf6 13. Qd2 Bc6 14. f3 Rad8 15. c4 b6 16. a4 a5 17. Rad1 Rfe8 18. Qc3 Qxc3 19. Nxc3 Kf6 20. Rd2 Ke5 21. Kf2 Kf6 22. Rfd1 Re6 23. Ne2 Bb7 24. Ng3 fxe4 25. dxe4 Ke7 26. Ne2 Re5 27. Nc3 f5 28. exf5 gxf5 29. Nb5 d5 30. f4 Re4 31. cxd5 Rxf4+ 32. Kg1 Kd7 33. Re1 Re4 34. Rxe4 fxe4 35. Kf2 Re8 36. Ke3 Re5 37. Nc3 Kd8 38. g4 h6 39. h4 Bc8 40. Nxe4 Bxg4 41. Kf4 Re8 42. Nd6 Rg8 43. Nf7+ Ke7 44. Nxh6 Rh8 45. Nxg4 Rxh4 46. d6+ Kd7 47. Kg5 Rh3 48. Ne5+ Ke6 49. d7 Rg3+ 50. Kf4 Rg8 51. d8Q Rxd8 52. Rxd8 Ke7 53. Rb8 Kd6 54. Rxb6+ Kd5 55. Nc4 Kd4 56. Rb5 Kc3 57. Rxa5 Kxb3 58. Rxc5 Kxa4 59. Rc8 Kb4 60. Nd6 Kb3 61. Ke4 Kb4 62. Kd4 Ka5 63. Ne4 Ka4 64. Kc4 Ka3 65. Kc3 Ka2 66. Kc2 Ka3 67. Rc4 Ka2 68. Ra4# 1-0

[Event "Titled Tuesday intern op 14th Feb Early"]
[Site "Chess.com INT"]
[Date "2023.02.14"]
[Round "4"]
[White "Souleidis, Georgios"]
[Black "Kejna, Piotr"]
[Result "1/2-1/2"]
[WhiteElo "2421"]
[BlackElo "2027"]
[PlyCount "129"]
[EventDate "2023.02.14"]
[EventType "swiss (blitz)"]
[EventRounds "11"]
[EventCountry "USA"]
[SourceTitle "CBM 212 Extra"]
[Source "ChessBase"]
[SourceDate "2023.03.31"]
[SourceVersion "1"]
[SourceVersionDate "2023.03.31"]
[SourceQuality "1"]

1. e4 c5 2. Be2 d6 3. d3 Nc6 4. f4 g6 5. Nf3 Bg7 6. 0-0 Nf6 7. c3 0-0 8. Kh1 b5 9. a3 Rb8 10. Be3 a5 11. Nbd2 b4 12. d4 cxd4 13. cxd4 d5 14. e5 Nd7 15. Rc1 Rb6 16. a4 e6 17. Nb3 Ba6 18. Bxa6 Rxa6 19. Qd3 Qa8 20. g4 Ne7 21. Rc7 Ra7 22. Rfc1 Rc8 23. Rxc8+ Nxc8 24. f5 Ncb6 25. Nc5 Nxc5 26. dxc5 Nc4 27. Bd4 Rc7 28. b3 Nb6 29. Qe3 Nd7 30. fxe6 fxe6 31. Ng5 Rc6 32. Rf1 Qc8 33. h4 Nxc5 34. h5 Nd7 35. hxg6 hxg6 36. Qh3 Nf8 37. Rxf8+ Kxf8 38. Qf3+ Kg8 39. Qf7+ Kh8 40. Qxg6 Rc1+ 41. Bg1 Rxg1+ 42. Kxg1 Qc1+ 43. Kg2 Qd2+ 44. Kf3 Qd1+ 45. Kf2 Qd2+ 46. Kg1 Qe1+ 47. Kg2 Qe2+ 48. Kh1 Qd1+ 49. Kg2 Qxg4+ 50. Kf2 Qf4+ 51. Kg2 Qg4+ 52. Kf1 Qf4+ 53. Kg2 Qd2+ 54. Kh1 Qe1+ 55. Kg2 Qe2+ 56. Kh3 Qe3+ 57. Kh4 Qf4+ 58. Kh5 Qh2+ 59. Kg4 Qg2+ 60. Kh5 Qh2+ 61. Kg4 Qe2+ 62. Kh4 Qf2+ 63. Kg4 Qg2+ 64. Kh4 Qh2+ 65. Kg4 1/2-1/2

[Event "Krakow op-B 33rd"]
[Site "Krakow"]
[Date "2023.01.03"]
[Round "8"]
[White "Gradalski, Olaf"]
[Black "Kejna, Piotr"]
[Result "1-0"]
[WhiteElo "2079"]
[BlackElo "2046"]
[PlyCount "74"]
[EventDate "2022.12.27"]
[EventType "swiss"]
[EventRounds "9"]
[EventCountry "POL"]
[SourceTitle "CBM 212 Extra"]
[Source "ChessBase"]
[SourceDate "2023.03.31"]
[SourceVersion "1"]
[SourceVersionDate "2023.03.31"]
[SourceQuality "1"]

1. e4 c5 2. Nf3 g6 3. c3 Bg7 4. d4 cxd4 5. cxd4 d5 6. e5 Bg4 7. Bb5+ Nc6 8. Be3 e6 9. Bxc6+ bxc6 10. Nbd2 Ne7 11. Qa4 Bxf3 12. Nxf3 Qb6 13. 0-0 0-0 14. Rfc1 Rfc8 15. Rc2 Qb5 16. Qa3 Nf5 17. Rac1 Bf8 18. Qc3 Rab8 19. g4 Nxe3 20. Qxe3 Qa4 21. b3 Qa6 22. h4 Rb4 23. Qd2 Qb6 24. Kh2 a5 25. Kg3 a4 26. bxa4 Rxa4 27. Qf4 c5 28. h5 Qb7 29. Rh1 Bg7 30. Kg2 cxd4 31. Rxc8+ Qxc8 32. Ng5 Ra7 33. hxg6 hxg6 34. Nh7 Qc7 35. Nf6+ Kf8 36. Rc1 Qd8 37. Qxd4 Bxf6 1-0

[Event "Krakow op-B 33rd"]
[Site "Krakow"]
[Date "2023.01.02"]
[Round "7"]
[White "Kejna, Piotr"]
[Black "Krawczyk, Wojciech"]
[Result "1-0"]
[WhiteElo "2046"]
[BlackElo "1981"]
[PlyCount "65"]
[EventDate "2022.12.27"]
[EventType "swiss"]
[EventRounds "9"]
[EventCountry "POL"]
[SourceTitle "CBM 212 Extra"]
[Source "ChessBase"]
[SourceDate "2023.03.31"]
[SourceVersion "1"]
[SourceVersionDate "2023.03.31"]
[SourceQuality "1"]

1. e4 c6 2. d4 d5 3. Nc3 dxe4 4. Nxe4 Bf5 5. Ng3 Bg6 6. h4 h6 7. Nh3 e6 8. Nf4 Bh7 9. Bc4 Nf6 10. c3 Bd6 11. Nfh5 Bf8 12. 0-0 Nxh5 13. Nxh5 Qxh4 14. Re1 Bf5 15. Qb3 b5 16. Be2 g6 17. g3 Qd8 18. Nf4 Bd6 19. Bf3 0-0 20. a4 g5 21. Ne2 Qa5 22. Bd2 Bd3 23. Nc1 Bc4 24. Qc2 Bd5 25. c4 Bb4 26. Nb3 Bxd2 27. Nxa5 Bxe1 28. cxd5 Bxa5 29. axb5 Bc7 30. dxe6 a5 31. exf7+ Kg7 32. Bh5 Kf6 33. Re1 1-0

[Event "POL-ch U16"]
[Site "Jastrzebia Gora"]
[Date "2023.??.??"]
[Round "6"]
[White "Grot, Blazej"]
[Black "Kejna, Piotr"]
[Result "1-0"]
[WhiteElo "1862"]
[BlackElo "2027"]
[PlyCount "81"]
[EventDate "2023.03.11"]
[EventType "swiss"]
[EventRounds "9"]
[EventCountry "POL"]
[SourceTitle "CBM 213 Extra"]
[Source "ChessBase"]
[SourceDate "2023.05.31"]
[SourceVersion "1"]
[SourceVersionDate "2023.05.31"]
[SourceQuality "1"]

1. e4 c5 2. Nf3 d6 3. Bb5+ Bd7 4. Bxd7+ Qxd7 5. 0-0 Nf6 6. Re1 Nc6 7. c3 e6 8. d4 cxd4 9. cxd4 d5 10. e5 Ne4 11. Nbd2 Nxd2 12. Bxd2 Be7 13. Rc1 0-0 14. Rc3 Rac8 15. a3 b5 16. h4 a5 17. h5 b4 18. Rd3 Rc7 19. Nh2 f5 20. exf6 Rxf6 21. Bg5 Rf5 22. Bxe7 Qxe7 23. Rde3 Nd8 24. Qg4 Qf6 25. Rf3 Rxf3 26. Nxf3 b3 27. Qg3 Rc2 28. Qb8 Rxb2 29. Rxe6 Qf8 30. Re1 Ne6 31. Qb5 Nc7 32. Qd7 Rc2 33. Qa4 Qb8 34. Rb1 Rc3 35. Qxa5 Rc6 36. Ne5 Ra6 37. Qc5 Qb7 38. Qe7 Ra8 39. h6 gxh6 40. Nd7 Kh8 41. Nf6 1-0